| 000 | 00691nam a22002057a 4500 | ||
|---|---|---|---|
| 003 | OSt | ||
| 005 | 20260113073456.0 | ||
| 008 | 260113b |||||||| |||| 00| 0 eng d | ||
| 020 | _a978-971-92726-8-7. | ||
| 040 |
_aDWCL-Main lib _cOC |
||
| 082 |
_24th edition _aFil. 343.05 V153t 2007 |
||
| 100 | _aValencia, Edwin G. | ||
| 245 |
_aTransfer and business taxation : principles and laws with accounting applications _cValencia, Edwin G. |
||
| 260 |
_aBaguio City : _bValencia Educational Supply _cc2007. |
||
| 300 |
_a510 pages ; _c23 cm. |
||
| 650 | _21. Inheritance and transfer tax. | ||
| 650 | _22. Taxation. | ||
| 700 | _aRoxas, Gregorio F. | ||
| 942 |
_2ddc _cBK - FIL _e4th ed. _kFil. _n0 |
||
| 999 |
_c7340 _d7340 |
||